Kapitálový trh a burzy. Stručný slovník /
Salvato in:
| Autore principale: | |
|---|---|
| Natura: | Libro |
| Lingua: | slovacco |
| Pubblicazione: |
Bratislava :
Elita,
1991
|
| Tags: |
Nessun Tag, puoi essere il primo ad aggiungerne!!
|
MARC
| LEADER | 00000nam a22000003a 4500 | ||
|---|---|---|---|
| 001 | stu899 | ||
| 005 | 20150617225621.6 | ||
| 008 | 911219s1991----cs------------------slo-d | ||
| 020 | |a 80-85323-07-9 | ||
| 040 | |a STU |b slo | ||
| 041 | 0 | |a slo | |
| 044 | |a cs | ||
| 080 | |a 336.76 | ||
| 100 | 1 | |a Kožehuba, Ján |4 aut | |
| 245 | 1 | |a Kapitálový trh a burzy. Stručný slovník / |c hlav.aut. Kožehuba,Ján | |
| 260 | |a Bratislava : |b Elita, |c 1991 | ||
| 300 | |a 78 s | ||
| 996 | |b E75796 |c R*75796 |l RRUM |s A |a 24 |w stu899_0001 | ||
| 996 | |b 284EK08736 |c E*75258 |l EE01 |s A |a 24 |w stu899_0002 | ||